=LDR 00000nam 2200000 4500 =001 NUTBA000000000000568 =005 20140508131126.0 =006 =007 =008 =020 ##$$a 978-6027996-04-5 =035 ##$$0010-031400000000567 =082 ##$$a 610.736 =090 ##$$a 610.736 =100 ##$$a Rachma S. Sutrisno =245 ##$$a Jangan Panik Saat Anak Sakit =260 ##$$a Jogjakarta $b Trans Idia $c 2013 =300 ##$$a 214 $b ilus $c 22 cm =700 ##$$a Umi Setyowati =850 ##$$a NBPNMAT =990 ##$$a 91635/BPAP-NTB/2014 =990 ##$$a 94027/BPAP-NTB/2014 =990 ##$$a 21400613/BPAP-NTB/20142014 =990 ##$$a 21400613/BPAP-NTB/20142014 =990 ##$$a 0303/BPAP-NTB/2016